[Event "AUTO-OPEN-1115"]
[Site "http://www.queenalice.com/game.php?id=396250"]
[Date "2008.5.1"]
[Round "1"]
[White "cardosorafael"]
[Black "helderfreitas"]
[Result "1-0"]
[WhiteElo "1718"]
[BlackElo "1078"]

1. e4 e6 2. d4 d5 3. exd5 exd5 4. c4 g6 5. Nc3 Nf6 6. Bg5 Bd6 7. Nf3 O-O 8. Nxd5
Bb4+ 9. Nxb4 Qe7+ 10. Be2 Qxb4+ 11. Qd2 Qxd2+ 12. Nxd2 Nfd7 13. O-O Nc6 14. Nf3
Nb6 15. Rfe1 1-0

[Event "AUTO-BEG-213"]
[Site "http://www.queenalice.com/game.php?id=396926"]
[Date "2008.5.2"]
[Round "1"]
[White "helderfreitas"]
[Black "andre_ramos"]
[Result "0-1"]
[WhiteElo "1170"]
[BlackElo "1343"]

1. e3 e5 2. Qf3 d5 3. Nc3 Nf6 4. d4 e4 5. Qf4 Bd6 6. Qg5 O-O 7. Na4 h6 8. Qh4 g5
9. Qxh6 Ng4 10. Qh5 c6 11. h4 Qf6 12. f3 Bg3+ 13. Kd2 Nf2 14. Rh3 Nxh3 0-1

[Event "AUTO-BEG-213"]
[Site "http://www.queenalice.com/game.php?id=396927"]
[Date "2008.5.2"]
[Round "1"]
[White "andre_ramos"]
[Black "helderfreitas"]
[Result "1-0"]
[WhiteElo "1352"]
[BlackElo "1157"]

1. e4 e6 2. d4 d5 3. e5 Nc6 4. Nf3 g6 5. Bd3 f5 6. c4 b6 7. cxd5 exd5 8. Qb3 Nb4
9. Bb5+ Bd7 10. Bxd7+ Qxd7 11. Bd2 a5 12. a3 O-O-O 13. axb4 Qb5 14. Nc3 Qd3 15.
bxa5 Bh6 16. axb6 1-0

[Event "Challenge"]
[Site "http://www.queenalice.com/game.php?id=818829"]
[Date "2010.8.15"]
[Round "-"]
[White "helderfreitas"]
[Black "Pabl"]
[Result "0-1"]
[WhiteElo "1083"]
[BlackElo "1360"]

1. e4 e5 2. d3 d5 3. Qe2 dxe4 4. Qxe4 Nf6 5. Qxe5+ Be7 6. Bg5 Nc6 7. Qe3 Nb4 8.
d4 Nxc2+ 9. Kd1 Nxe3+ 10. fxe3 Ne4 11. Bf4 Nf2+ 12. Ke1 Nxh1 13. Nf3 Bb4+ 0-1

[Event "Chess 1"]
[Site "http://www.queenalice.com/game.php?id=957085"]
[Date "2011.7.5"]
[Round "-"]
[White "helderfreitas"]
[Black "oldbubba"]
[Result "1-0"]
[WhiteElo "1090"]
[BlackElo "1396"]

1. e3 e5 2. Qf3 d5 3. Nc3 Nf6 4. Nh3 Bg4 5. Qg3 Bd6 6. f4 exf4 7. exf4 O-O 8.
Ng5 Re8+ 9. Be2 Bxe2 10. Nxe2 Nh5 11. Qh4 h6 12. Qxh5 hxg5 13. fxg5 Qe7 14. O-O
Nc6 15. g6 f6 16. Qh7+ 1-0

[Event "Challenge"]
[Site "http://www.queenalice.com/game.php?id=957086"]
[Date "2011.7.5"]
[Round "-"]
[White "helderfreitas"]
[Black "marcotche"]
[Result "1-0"]
[WhiteElo "1076"]
[BlackElo "1023"]

1. e3 d5 2. b3 f5 3. Bb5+ c6 4. Ba4 b5 5. Nc3 bxa4 6. Nxa4 e5 7. Nf3 e4 8. Ne5
Qe7 9. Nxc6 Nxc6 10. d3 g5 11. Qh5+ Kd7 12. Bb2 Nb4 13. O-O h6 14. Bxh8 Nxc2 15.
Rad1 Bg7 16. Bxg7 Qxg7 17. dxe4 Bb7 18. exd5 Bxd5 19. Rxd5+ Kc7 20. Rfd1 Kb7 21.
Rd7+ Kc8 22. Rxg7 Nf6 23. Qxh6 Ne4 24. Qc6+ Kb8 25. Rd8# 1-0

[Event "isabcisz"]
[Site "http://www.queenalice.com/game.php?id=959840"]
[Date "2011.7.13"]
[Round "-"]
[White "helderfreitas"]
[Black "isabcisz"]
[Result "1-0"]
[WhiteElo "1167"]
[BlackElo "1442"]

1. e4 e6 2. Nc3 d5 3. d3 Bb4 4. Bd2 Nc6 5. Na4 Bxd2+ 6. Qxd2 Nf6 7. O-O-O O-O 8.
exd5 exd5 9. Nf3 Bg4 10. Ng5 Bxd1 11. Qxd1 Re8 12. c4 dxc4 13. Qc2 cxd3 14. Bxd3
g6 15. Qb3 Re7 16. Bc4 Qe8 17. Rd1 a6 18. f3 b5 19. Bxf7+ Rxf7 20. Nc5 h6 21.
Nge6 Na5 22. Qd3 Re7 23. g4 Rxe6 24. Nxe6 Qxe6 25. Qxg6+ Kf8 26. Qxh6+ 1-0

[Event "Chess 8"]
[Site "http://www.queenalice.com/game.php?id=962206"]
[Date "2011.7.19"]
[Round "-"]
[White "helderfreitas"]
[Black "marcotche"]
[Result "1-0"]
[WhiteElo "1128"]
[BlackElo "948"]

1. e4 e5 2. c3 f6 3. b3 Nc6 4. Nf3 Bc5 5. Nh4 g5 6. Nf5 h5 7. b4 Bb6 8. Ba3
Bxf2+ 9. Kxf2 b6 10. Qb3 a5 11. bxa5 Rxa5 12. Ng7# 1-0

[Event "Let's Play Chess!"]
[Site "http://www.queenalice.com/game.php?id=962655"]
[Date "2011.7.22"]
[Round "-"]
[White "markgrim83"]
[Black "helderfreitas"]
[Result "0-1"]
[WhiteElo "1162"]
[BlackElo "1194"]

1. e3 e5 2. b3 g6 3. Nc3 Bb4 4. a3 Ba5 5. a4 Nf6 6. Qf3 Nc6 7. Ba3 d6 8. Bc4 Bg4
9. Qg3 Bb4 10. h3 Be6 11. Qh4 Bxa3 12. Rxa3 Nb4 13. Nf3 Nxc2+ 14. Kd1 Nxa3 15.
Ng5 Nh5 16. g3 d5 17. Be2 Bf5 18. d3 c6 19. Kd2 Qd6 20. g4 Ng7 21. gxf5 Nxf5 22.
Bg4 Qb4 23. Rc1 Nxh4 24. f3 Qxb3 25. e4 Qb2+ 26. Kd1 h5 27. exd5 hxg4 28. hxg4
Ng2 29. Nce4 Rh1# 0-1

[Event "Outra?"]
[Site "http://www.queenalice.com/game.php?id=963000"]
[Date "2011.7.21"]
[Round "-"]
[White "marcotche"]
[Black "helderfreitas"]
[Result "0-1"]
[WhiteElo "906"]
[BlackElo "1161"]

1. d4 d5 2. b3 g6 3. c4 c6 4. g4 Bxg4 5. cxd5 cxd5 6. Qd3 e6 7. b4 Qc8 8. Ba3
Nd7 9. Nc3 Ngf6 10. Nb5 Bh6 11. Qd1 Qc6 12. Qd3 a6 13. Nc3 O-O 14. b5 axb5 0-1

[Event "Challenge"]
[Site "http://www.queenalice.com/game.php?id=990910"]
[Date "2011.9.28"]
[Round "-"]
[White "helderfreitas"]
[Black "rafaelcanuto"]
[Result "0-1"]
[WhiteElo "1249"]
[BlackElo "1610"]

1. e4 e6 2. b3 Qf6 3. d4 c5 4. Bb2 cxd4 5. Bxd4 e5 6. Bc3 a5 7. Nf3 h5 8. Nxe5
Bb4 9. Qd4 Bxc3+ 10. Qxc3 Nc6 11. Na3 Qxe5 12. Kd2 Qf4+ 13. Kd1 Qxf2 14. Qxg7
Qf6 0-1

[Event "Challenge"]
[Site "http://www.queenalice.com/game.php?id=990911"]
[Date "2011.9.28"]
[Round "-"]
[White "rafaelcanuto"]
[Black "helderfreitas"]
[Result "1-0"]
[WhiteElo "1612"]
[BlackElo "1247"]

1. e3 d5 2. Qf3 e6 3. a4 Na6 4. Bxa6 bxa6 5. c4 Bb7 6. Nc3 c6 7. cxd5 cxd5 8. d4
Bb4 9. Bd2 Nf6 10. Nge2 a5 11. Nd1 Qc8 12. Bxb4 axb4 13. O-O Ne4 14. Qg4 h5 15.
Qxg7 1-0